000 00207nam a22000857a 4500
008 241211b |||||||| |||| 00| 0 eng d
020 _a9789351866060
100 _aGandhi
_97821
245 _a101 Great Personalities
999 _c12726
_d12726